00418nam a2200145 a 4500008004100000050001500041100002000056245002600076246003300102246003100135260006000166350000900226700001900235700001800254120416s1996 ||||||||||||||||| || u aSD 411 Car aKorilahti, Eeva10aCaring for the forest aresearch in a changing world aCongress Report, Volume 1. aFinlandbThe Finnish IUFRO World Congress Organisc1996 a0.00 aSalonen, Tommi aMikkela, Heli